States that host NFL teams: Sudden Death - Statistics

General Stats
  • This quiz has been taken 73 times
  • The average score is 11 of 23
Answers on the Grid
Answers color-coded by a green-red scale on the quiz's grid according to % correct below.
Alabama
Alaska
Arizona
Arkansas
California
Colorado
Connecticut
Delaware
Florida
Georgia
Hawaii
Idaho
Illinois
Indiana
Iowa
Kansas
Kentucky
Louisiana
Maine
Maryland
Massachusetts
Michigan
Minnesota
Mississippi
Missouri
Montana
Nebraska
Nevada
New Hampshire
New Jersey
New Mexico
New York
North Carolina
North Dakota
Ohio
Oklahoma
Oregon
Pennsylvania
Rhode Island
South Carolina
South Dakota
Tennessee
Texas
Utah
Vermont
Virginia
Washington
West Virginia
Wisconsin
Wyoming
District of Columbia
 
Answer Stats
Answer % Correct
California
88%
Arizona
83%
Colorado
79%
Florida
76%
Georgia
64%
Illinois
64%
Indiana
57%
Minnesota
57%
Michigan
52%
Louisiana
50%
Massachusetts
50%
Texas
45%
New York
43%
Missouri
40%
Ohio
40%
Maryland
38%
Washington
38%
Pennsylvania
36%
Nevada
33%
Tennessee
33%
Wisconsin
33%
North Carolina
29%
District of Columbia
17%
No matching quizzes found
Score Distribution
Percent of People with Each Score
Percentile by Number Answered
Your Score History
You have not taken this quiz